Смак трави.Або приклад швидкої побудови соціалізму в окремо взятій країні (Запис № 17584)

000 -Маркер запису
Контрольне поле сталої довжини 01512nam a22002417a 4500
003 - Належність контрольного номера
Контрольне поле Uzh_bibl
008 - Кодовані дані
Контрольне поле сталої довжини 260430b |||||||| |||| 00| 0 ukr d
020 ## - Індекс ISBN
ISBN 966-9865-56-8
Ціна 30.00
040 ## - Джерело каталогіз.
Код мови каталог. укр.
041 ## - Код мови видання
Код мови оригіналу українська
Код мови тексту українська
080 ## - Індекс УДК
Індекс УДК 94(477)
090 ## - Шифри
Поличний індекс 94(477)
Авторський знак Л 19
100 ## - Автор
Автор Лактіонов-Стезенко
245 ## - Назва
Назва Смак трави.Або приклад швидкої побудови соціалізму в окремо взятій країні
Фізичний носій Текст
260 ## - Вихідні дані
Місце видання Київ
Видавництво Дніпро
Дата видання 2003
300 ## - Фізичний опис
Обсяг 384 с.
Тип одиниці В опр.
520 ## - Анотація
Анотація «Смак трави, або приклад швидкої побудови соціалізму в окремо взятій країні» — документальна книга українського режисера, письменника та громадського діяча Миколи Полікарповича Лактіонова-Стезенка, присвячена Голодомору 1932–1933 років в Україні. Книга є звинувачувальним актом проти тоталітарного режиму, який базується на страшних спогадах людей, що пережили штучний голод.
521 ## - Примітка про цільове призначення
Примітка про цільове призначення Для широкого кола читачів
546 ## - Примітка про мову
Примітка про мову укр.
650 ## - Тематичні рубрики
Основна рубрика Художньо-публіцистичне видання
653 ## - Ключові слова
Ключові слова Голодомор
-- Голод
942 ## - ADDED ENTRY ELEMENTS (KOHA)
Джерело класифікації чи схема поличного розташування
Koha item type Книги
Фонди
Статус вилучення Статус втрати/відсутності Джерело класифікації чи схема поличного розташування Статус пошкодження Тип обігу (не для випозичання) Постійне розташування Поточне розташування Розташування у відділі Дата надходження Інвентарний номер Total Checkouts Повний (примірниковий) шифр зберігання Штрих-код Date last seen Дата, для якої чинна ціна заміни Тип одиниці (рівень примірника)
          Публічна бібліотека Публічна бібліотека Абонемент 30/04/2026 53374   94(477) 19351 30/04/2026 30/04/2026 Книги

Працює на АБІС Коха